Pick the Kitchen Utensil Quiz Stats

 Plays Quiz Updated Oct 9, 2017

Also try: Like a Drink?
Challenge
Share
Tweet
Score 0/20 Timer 05:00
12 Plays Today
% Correct
Bowl
97.5%
Cutting Board
97.4%
Frying Pan
97.2%
Measuring Cup
97.2%
Potato Masher
97%
Grater
96.7%
Whisk
96.6%
Rolling Pin
96.6%
Tart Tin
96.4%
Wooden Spoon
96.1%
% Correct
Knife
95.7%
Can-opener
95.4%
Corkscrew
95.3%
Colander
95.2%
Nutcracker
94.5%
Ladle
93.7%
Spatula
93.2%
Scoop
93.1%
Pie Server
88.8%
Saucepan
82.9%

You're not logged in!

Compare scores with friends on all Sporcle quizzes.
Join for Free
OR
Log In

You Might Also Like...

Show Comments

Extras

Top Quizzes Today


Score Distribution

Your Account Isn't Verified!

In order to create a playlist on Sporcle, you need to verify the email address you used during registration. Go to your Sporcle Settings to finish the process.

Report this User

Report this user for behavior that violates our Community Guidelines.

Details: